| 000 | 00358nam a2200145 a 4500 | ||
|---|---|---|---|
| 001 | 864 | ||
| 003 | CDMR | ||
| 005 | 20130705125813.0 | ||
| 008 | 130130s1967||||||||||||||||||||||||||||d | ||
| 040 |
_aCDMR _bcat _cCPC GIRONA |
||
| 100 | 1 |
_aSolà i Dachs, Lluís _9555 |
|
| 245 | 1 | 3 |
_aEl be negre (1931-1936) _cSolà, Lluís |
| 260 |
_c1967 _bBruguera |
||
| 942 |
_cMON _2udc |
||
| 999 |
_c864 _d864 |
||